Obnova rezných vlastností nástrojov

Na minha lista:
Detalhes bibliográficos
Autor principal: Bračík, Matej, 1990- (Author)
Outros Autores: Baránek, Ivan, 1947- (Thesis advisor)
Formato: Manuscrito Livro
Idioma:eslovaco
Publicado em: Trnava : STU v Bratislave MTF UVTE, 2013
Assuntos:
Acesso em linha:VAIS
Tags: Adicionar Tag
Sem tags, seja o primeiro a adicionar uma tag!

MARC

LEADER 00000ntm a22000003a 4500
001 stu269913
005 20150617230248.1
008 130703s2013----xo------------------slo-d
040 |a STU  |b slo 
041 0 |a slo 
044 |a xo 
100 1 |a Bračík, Matej,  |d 1990-  |4 aut  |u M  |T MTF Materiálovotechnologická fakulta  |X 6798  |U M  |Y 60  |7 A000006798 
242 0 0 |a Renovation of cutting tool properties  |y eng 
245 1 |a Obnova rezných vlastností nástrojov 
260 |a Trnava :  |b STU v Bratislave MTF UVTE,  |c 2013 
650 7 |a počítačová podpora výrobných technológií  |2 stusub 
650 7 |a Computer-Aided Production Technologies  |2 estusub 
650 7 |a focus  |2 estusub 
650 7 |a wear  |2 estusub 
650 7 |a ostrenie  |2 stusub 
650 7 |a opotrebenie  |2 stusub 
700 1 |a Baránek, Ivan,  |d 1947-  |4 ths  |u M3000  |U MTF Materiálovotechnologická fakulta  |T MTF Ústav výrobných technológií  |X 3578  |U M3000  |Y 83  |7 A000003578 
856 4 |a info a plný text  |u http://is.stuba.sk/zp/portal_zp.pl?podrobnosti=79095  |3 VAIS 
996 |c M*BP-6244  |l MMSKP  |s P  |a 0  |w stu269913_0001